[Event "Hampstead U2200 July 2014"]
[Site "Hampstead, UK"]
[Date "2014.07.05"]
[Round "2"]
[White "Samadov, Samir"]
[Black "Atako, Chino C"]
[Result "0-1"]
[WhiteElo "1648"]
[BlackElo "2042"]
[EventType "swiss"]
[EventRounds "5"]

1. e4 c5 2. c3 g6 3. d4 cxd4 4. cxd4 d5 5. exd5 Nf6 6. Bc4 Nxd5 7. Qb3 e6 8.
Bxd5 exd5 9. Nc3 Bg7 10. Qxd5 O-O 11. Be3 Nc6 12. Nge2 Bf5 13. Qxd8 Rfxd8 14.
Rd1 Nb4 15. O-O Bd3 16. a3 Bxe2 17. Nxe2 Nd5 18. Nc3 Nb6 19. b3 Rac8 20. Ne4
Nd5 21. Rc1 b6 22. Rc4 f5 23. Bg5 fxe4 24. Bxd8 Rxd8 25. Re1 Re8 26. g3 Kf7
27. Rc2 Kf6 28. Rc6+ Kf7 29. Rd6 Nf6 30. Rd1 Rc8 31. d5 Ke7 32. Rc6 Kd7 33.
Rdc1 Rxc6 34. dxc6+ Kc7 35. b4 b5 36. Rc5 a6 37. Re5 Kxc6 38. Re6+ Kd5 39.
Rxa6 Kc4 40. Rc6+ Kb3 41. Rc5 Ka4 42. Rc7 Bh6 43. Rf7 Nd5 44. Rxh7 Bc1 45.
Ra7+ Kb3 46. Rb7 Nc3 47. Rg7 g5 48. h4 gxh4 49. gxh4 Kxa3 50. h5 Kxb4 51. Rc7
Kb3 52. Kf1 b4 53. Rc6 Kc2 54. h6 Bxh6 55. Rxh6 b3 56. Rb6 b2 57. f3 e3 58. f4
b1=Q+ 59. Rxb1 Kxb1 60. f5 Kc2 61. Ke1 Nd5 62. Ke2 Kc3 63. f6 Kd4 64. f7 Nf4+
65. Kf3 Ne6 66. Ke2 Ke4 67. Ke1 Kf3 68. Kf1 e2+ 69. Ke1 Nf8 70. Kd2 Kf2 71.
Kd3 e1=Q 72. Kd4 Qe3+ 73. Kd5 Kf3 74. Kc6 Kf4 75. Kc7 Qe6 76. Kb7 Qd6 77. Kc8
Qd7+ 78. Kb8 Ke5 79. Ka8 Kd6 80. Kb8 Kc6 81. Ka8 Qb7# 0-1

[Event "Hampstead U2200 July 2014"]
[Site "Hampstead, UK"]
[Date "2014.07.05"]
[Round "2"]
[White "Woltery, Nicolai"]
[Black "Kahn, Tito"]
[Result "0-1"]
[WhiteElo "1592"]
[BlackElo "1975"]
[EventType "swiss"]
[EventRounds "5"]

1. d4 d5 2. c4 c6 3. Nf3 Nf6 4. Nc3 e6 5. Bg5 Nbd7 6. e3 Bd6 7. Bd3 dxc4 8.
Bxc4 b5 9. Bd3 Qa5 10. a3 b4 11. axb4 Qxb4 12. Qc2 h6 13. Bh4 O-O 14. O-O Bb7
15. e4 e5 16. Ra4 Qb6 17. Bg3 Rfe8 18. Nd2 Qd8 19. Rfa1 a5 20. Nc4 Bb4 21.
dxe5 Ng4 22. Nd6 Bxd6 23. exd6 Nde5 24. Be2 Nf6 25. Qb3 Bc8 26. Rd1 Be6 27.
Qc2 Nfd7 28. h3 Qb6 29. Kh1 Bb3 30. Qd2 Bxd1 31. Nxd1 Nc5 32. Ra3 Nxe4 33. Qd3
Nxd3 34. Bxd3 Nxg3+ 35. fxg3 Re1+ 36. Kh2 Qg1# 0-1

[Event "Hampstead U2200 July 2014"]
[Site "Hampstead, UK"]
[Date "2014.07.05"]
[Round "2"]
[White "Briggs, John"]
[Black "Balouka Myers, Gabriel"]
[Result "1-0"]
[WhiteElo "1960"]
[BlackElo "1578"]
[EventType "swiss"]
[EventRounds "5"]

1. Nf3 d5 2. g3 Nf6 3. Bg2 c5 4. O-O Nc6 5. d3 Bf5 6. Nbd2 e6 7. e3 Bd6 8. Qe2
O-O 9. c3 e5 10. e4 Bg4 11. h3 Bxf3 12. Qxf3 d4 13. a4 Nd7 14. h4 Qf6 15. Nc4
Bc7 16. Qxf6 Nxf6 17. Bg5 Bd8 18. a5 Nd7 19. Bh3 Bxg5 20. hxg5 Rad8 21. Rfd1
f6 22. Nd6 fxg5 23. Be6+ Kh8 24. Nf7+ Rxf7 25. Bxf7 Rf8 26. Bd5 Rf3 27. a6 b5
28. Bxc6 {#r} 1-0

[Event "Hampstead U2200 July 2014"]
[Site "Hampstead, UK"]
[Date "2014.07.05"]
[Round "2"]
[White "Krzyzanowski, Patryk"]
[Black "Xu, David"]
[Result "1-0"]
[WhiteElo "2006"]
[BlackElo "1540"]
[EventType "swiss"]
[EventRounds "5"]

1. d4 d5 2. c4 c6 3. Nf3 Nf6 4. g3 e6 5. Bg2 dxc4 6. O-O Be7 7. Nc3 Nbd7 8. a4
Nd5 9. e4 Nxc3 10. bxc3 b5 11. d5 Nc5 12. Nd4 Nxa4 13. Nxc6 Qd6 14. Ba3 Qxa3
15. Rxa3 Bxa3 16. Qc2 Bd7 17. Ra1 Bd6 18. e5 Bxc6 19. exd6 exd5 20. Qe2+ Kf8
21. Qe7+ Kg8 22. Bxd5 Bxd5 23. d7 g6 24. d8=Q+ Rxd8 25. Qxd8+ Kg7 26. Qxd5
Nxc3 27. Qe5+ f6 28. Rxa7+ Kh6 29. Qf4+ g5 30. Qxf6+ Kh5 {#r} 1-0

[Event "Hampstead U2200 July 2014"]
[Site "Hampstead, UK"]
[Date "2014.07.05"]
[Round "2"]
[White "Winter, Malcolm J"]
[Black "Barasi, Paul"]
[Result "0-1"]
[WhiteElo "1542"]
[BlackElo "1872"]
[EventType "swiss"]
[EventRounds "5"]

1. d4 d5 2. Nf3 Nc6 3. e3 Bf5 4. c3 Nf6 5. Nbd2 h6 6. Be2 e6 7. O-O Be7 8. Ne5
Nxe5 9. dxe5 Nd7 10. f4 Bc5 11. Nf3 Bb6 12. Nd4 Be4 13. Bf3 Nc5 14. Bxe4 Nxe4
15. f5 Qg5 16. Qf3 O-O-O 17. Qf4 Qxf4 18. Rxf4 c5 19. Nb3 Bc7 20. fxe6 fxe6
21. Nd2 Nxd2 22. Bxd2 Bxe5 23. Rf3 Bf6 24. Rc1 Rd7 25. b4 b6 26. b5 Rhd8 27.
Rc2 Kb7 28. Kf1 Ra8 29. Ke2 a6 30. bxa6+ Rxa6 31. Rf1 Kc6 32. Rb1 Rda7 33.
Rcb2 Bd8 34. Ra1 c4 35. Be1 Be7 36. Kd1 Bc5 37. Ke2 b5 38. g3 Ra4 39. Kf3 Ba3
40. Rbb1 R7a5 41. Bd2 Be7 42. Rb2 Bf6 43. Rc2 Ra3 44. Ke2 Ra7 45. h4 b4 46.
Rb1 Rxa2 47. Rxa2 Rxa2 48. cxb4 c3 {#R} 0-1

[Event "Hampstead U2200 July 2014"]
[Site "Hampstead, UK"]
[Date "2014.07.05"]
[Round "2"]
[White "Millward, David J"]
[Black "Oliveri, Claudio"]
[Result "1-0"]
[WhiteElo "1859"]
[BlackElo "1687"]
[EventType "swiss"]
[EventRounds "5"]

1. e4 c5 2. Nc3 e6 3. f4 d5 4. d3 dxe4 5. dxe4 Qxd1+ 6. Nxd1 Bd7 7. Nc3 Nc6 8.
Be3 a6 9. Nf3 Rd8 10. O-O-O Be7 11. h3 b5 12. g4 h5 13. g5 g6 14. Bg2 c4 15.
e5 Bb4 16. Ne4 Bc8 17. Bb6 Rxd1+ 18. Rxd1 Ba5 19. Bxa5 Nxa5 20. Nd6+ Kf8 21.
Nxc8 Rh7 22. Rd6 Nb7 23. Rxa6 Nc5 24. Ra5 Ne7 25. Nxe7 Kxe7 26. Rxb5 Nd7 27.
Nd4 Rh8 28. Nc6+ Ke8 29. Ra5 Kf8 30. Ra7 Nb6 31. Rb7 Nd5 32. Bxd5 exd5 33.
Rb8+ Kg7 34. Rxh8 Kxh8 35. a4 {#r} 1-0

[Event "Hampstead U2200 July 2014"]
[Site "Hampstead, UK"]
[Date "2014.07.05"]
[Round "2"]
[White "Modica, Jake"]
[Black "Balouka Myers, Reuben"]
[Result "1-0"]
[WhiteElo "1825"]
[BlackElo "1488"]
[EventType "swiss"]
[EventRounds "5"]

1. c4 f5 2. g3 e5 3. Bg2 g6 4. Nc3 Nf6 5. d3 d6 6. e4 Bg7 7. Nge2 Nc6 8. exf5
Bxf5 9. d4 Nb4 10. O-O Nc2 11. Bxb7 Nxa1 12. Bc6+ Ke7 13. f4 Rb8 14. fxe5 dxe5
15. Bg5 Nc2 16. dxe5 Qxd1 17. Rxd1 Rhd8 18. exf6+ Bxf6 19. Nd5+ Kf7 20. Bxf6
Nb4 21. Bxd8 Rxd8 22. Rf1 Nxc6 23. g4 {#r} 1-0

[Event "Hampstead U2200 July 2014"]
[Site "Hampstead, UK"]
[Date "2014.07.05"]
[Round "2"]
[White "Pride, Stephen"]
[Black "Chauhan, Pranay"]
[Result "1/2-1/2"]
[WhiteElo "1776"]
[BlackElo "1536"]
[EventType "swiss"]
[EventRounds "5"]

1. e4 e6 2. b3 d5 3. Bb2 dxe4 4. Nc3 Nf6 5. Qe2 Be7 6. Nxe4 b6 7. O-O-O Bb7 8.
f3 Nbd7 9. Nh3 O-O 10. g4 a5 11. a4 Nc5 12. Nhf2 Nd5 13. Nxc5 Bxc5 14. Qe5 Nf6
15. Ne4 Bxe4 16. fxe4 Bd6 17. Qc3 e5 18. Qf3 Qd7 19. Be2 c6 20. g5 Ne8 21. Qf5
Qe7 22. h4 Nc7 23. Bg4 Rfd8 24. h5 b5 {#d} 1/2-1/2

[Event "Hampstead U2200 July 2014"]
[Site "Hampstead, UK"]
[Date "2014.07.05"]
[Round "2"]
[White "Mandnikar, Atreya"]
[Black "Willmoth, Robert"]
[Result "0-1"]
[WhiteElo "1561"]
[BlackElo "2159"]
[EventType "swiss"]
[EventRounds "5"]

1. e4 d6 2. d4 Nf6 3. Nc3 c6 4. Nf3 Bg4 5. Bc4 e6 6. d5 b5 7. Bd3 b4 8. Nb1
exd5 9. exd5 Nxd5 10. O-O Be7 11. Bd2 Nd7 12. Be4 N7f6 13. Bd3 O-O 14. c4 bxc3
15. Nxc3 Nxc3 16. Bxc3 d5 17. Rc1 Qb6 18. Bxf6 Bxf6 19. Qc2 Bxf3 20. gxf3 Qxb2
21. Bxh7+ Kh8 22. Bf5 g6 23. Bg4 Qd4 24. Qxc6 Be5 25. Kg2 Qf4 26. Rh1 d4 27.
Qe4 f5 28. Qxf4 Bxf4 29. Rc6 fxg4 30. fxg4 Kg7 31. Rd1 Rfd8 32. h4 d3 33. Kf3
Rd4 34. g5 d2 35. Ke2 Re8+ 36. Kf1 Rde4 37. Rxd2 Bxd2 38. Rc7+ R8e7 39. Rc2
Bxg5 {#R} 0-1

[Event "Hampstead U2200 July 2014"]
[Site "Hampstead, UK"]
[Date "2014.07.05"]
[Round "2"]
[White "Sonnis, Steve"]
[Black "Landau, Jonathan"]
[Result "0-1"]
[WhiteElo "1699"]
[BlackElo "1945"]
[EventType "swiss"]
[EventRounds "5"]

1. e4 e5 2. Nf3 Nc6 3. d4 exd4 4. Nxd4 Qh4 5. Qd3 Nf6 6. Nd2 Bc5 7. g3 Qg4 8.
Nxc6 dxc6 9. Bg2 Be6 10. f3 Qh5 11. Nb3 Rd8 12. Qc3 Nxe4 {#R} 0-1

[Event "Hampstead U2200 July 2014"]
[Site "Hampstead, UK"]
[Date "2014.07.05"]
[Round "2"]
[White "Sheremetyeva, Elizaveta"]
[Black "Jarek, Katherine"]
[Result "1/2-1/2"]
[WhiteElo "1672"]
[BlackElo "1931"]
[EventType "swiss"]
[EventRounds "5"]

1. e4 c6 2. d4 d5 3. e5 Bf5 4. f4 Qb6 5. Nc3 e6 6. Nf3 c5 7. Bb5+ Nc6 8. O-O
Bg4 9. Be3 cxd4 10. Qxd4 Qc7 11. Qa4 Bxf3 12. Rxf3 Nh6 13. h3 Nf5 14. Bf2 h5
15. Ne2 h4 16. Nd4 Nfxd4 17. Bxd4 g6 18. Rc3 Kd7 19. Rf1 Be7 20. Bc5 Bxc5+ 21.
Rxc5 a6 22. Bxc6+ bxc6 23. c4 Qb6 24. b4 a5 25. cxd5 axb4 26. dxc6+ Ke7 27.
Qb5 Qxb5 28. Rxb5 Rhb8 29. Rc5 Rxa2 30. Rb1 Ra4 31. Rc4 Rc8 32. Kf2 Ra6 {#d}
1/2-1/2

[Event "Hampstead U2200 July 2014"]
[Site "Hampstead, UK"]
[Date "2014.07.05"]
[Round "2"]
[White "Jacob, Sydney"]
[Black "Cavendish, Joshua"]
[Result "0-1"]
[WhiteElo "1912"]
[BlackElo "1706"]
[EventType "swiss"]
[EventRounds "5"]

1. d4 f5 2. Nf3 Nf6 3. Nc3 d5 4. Bg5 Nbd7 5. e3 e6 6. Bd3 c6 7. Ne5 Be7 8.
Nxd7 Bxd7 9. h3 Ne4 10. Bf4 Qb6 11. Bxe4 fxe4 12. O-O Qxb2 13. Qh5+ Kf8 14.
Na4 Qxc2 15. Nc5 Bxc5 16. Rac1 Qxa2 17. Rxc5 b6 18. Bd6+ Kg8 19. Rcc1 Qa6 20.
f3 h6 21. fxe4 Be8 22. Qg4 Qc8 23. Rf8+ Kh7 24. Rcf1 Qd7 25. Rxh8+ Kxh8 26.
Rf8+ Kh7 27. Qf4 a5 28. g4 a4 29. Ba3 Qd8 30. Qe5 Qg5 31. Qg3 Qg6 32. h4 Qxe4
33. g5 Qg6 34. Qf4 Qe4 35. Qg3 h5 36. Kh2 Qc2+ 37. Rf2 Qd3 38. Rf1 Qc2+ 39.
Rf2 Qg6 40. Rf1 Ra7 41. Qb8 Qc2+ 42. Kg3 Rf7 43. Rxf7 Bxf7 44. Qe5 Qe4 45.
Qxe4+ dxe4 46. Kf4 Bg6 47. Ke5 Bf5 48. Kd6 c5 49. dxc5 bxc5 50. Kxc5 Kg6 51.
Kb4 Bh3 52. Kxa4 Kf5 53. Bb4 Kg4 54. Be1 Kf3 55. Bd2 Ke2 56. Bc1 Kd1 57. Bb2
Kd2 58. Bxg7 Kxe3 59. g6 Bf5 60. Bh6+ Kd3 61. g7 Bh7 62. Kb5 e3 63. Bf4 Ke4
64. Bg3 Kf3 65. Be1 e5 66. Kc5 Ke2 67. Bc3 e4 68. Kd4 Kf2 69. Ke5 e2 70. Kf4
e1=Q 71. Bxe1+ Kxe1 72. g8=Q Bxg8 73. Kxe4 Be6 {#R} 0-1

[Event "Hampstead U2200 July 2014"]
[Site "Hampstead, UK"]
[Date "2014.07.05"]
[Round "2"]
[White "Finnegan, Oliver"]
[Black "Crouch, Timothy J"]
[Result "1-0"]
[WhiteElo "1766"]
[BlackElo "1666"]
[EventType "swiss"]
[EventRounds "5"]

1. d4 Nf6 2. c4 d6 3. Nc3 Nc6 4. g3 e5 5. d5 Nd4 6. Bg2 Bf5 7. e4 Bd7 8. Nge2
Bg4 9. Qa4+ Qd7 10. Qxd7+ Nxd7 11. Nxd4 exd4 12. Nb5 Kd8 13. f4 d3 14. Kd2 Be2
15. Nd4 Bh5 16. h3 h6 17. Kxd3 Bg6 18. Re1 Be7 19. Kc3 Nc5 20. b4 Nd7 21. Bb2
Bf6 22. Kb3 a5 23. a3 Re8 24. Bc3 a4+ 25. Kb2 Nb6 26. c5 Nc4+ 27. Kc2 dxc5 28.
bxc5 Na5 29. Nb5 Bxc3 30. Kxc3 Nb3 31. d6 cxd6 32. Nxd6 Nxa1 33. Nxe8 Nb3 34.
Nxg7 Nxc5 35. Rd1+ Ke7 36. f5 Bh7 37. Nh5 f6 38. Nf4 Bg8 39. Ng6+ Ke8 40. Kb4
Nd7 41. Bf1 Bb3 42. Rd6 Rd8 43. Bb5 Bc2 44. Re6+ {#r} 1-0

[Event "Hampstead U2200 July 2014"]
[Site "Hampstead, UK"]
[Date "2014.07.05"]
[Round "2"]
[White "Olutola, Taiwo"]
[Black "Huang, Dion"]
[Result "1/2-1/2"]
[WhiteElo "1538"]
[BlackElo "1759"]
[EventType "swiss"]
[EventRounds "5"]

1. Nf3 g6 2. d4 Nf6 3. c4 Bg7 4. Nc3 O-O 5. e4 d6 6. Be2 e5 7. dxe5 dxe5 8.
O-O c6 9. Be3 Qc7 10. Qc2 Bg4 11. h3 Bxf3 12. Bxf3 Nbd7 13. Rfd1 Rfd8 14. c5
Nf8 15. Rxd8 Rxd8 16. Rd1 Ne6 17. Rxd8+ Qxd8 18. Qd1 Qxd1+ 19. Bxd1 Nd7 20.
Na4 Bf8 21. b4 a5 22. a3 axb4 23. axb4 Nf6 24. f3 Nh5 25. Nb2 f5 26. Nc4 Bg7
27. Nd6 f4 28. Bf2 Nd8 29. Be1 Nf6 30. Bc3 Nd7 31. Nc4 Kf7 32. Bb3 Kf6 33. Na5
b6 34. cxb6 Nxb6 35. Be1 Bf8 36. Ba2 Nc8 37. Bb3 Nb6 38. Bh4+ g5 39. Be1 h6
40. Ba2 Na4 41. Bb3 Nb6 {#d} 1/2-1/2

[Event "Hampstead U2200 July 2014"]
[Site "Hampstead, UK"]
[Date "2014.07.05"]
[Round "2"]
[White "Jina, Asha"]
[Black "Jain, Gautam"]
[Result "1-0"]
[WhiteElo "1504"]
[BlackElo "1714"]
[EventType "swiss"]
[EventRounds "5"]

1. e4 e5 2. Nf3 Nc6 3. Bb5 a6 4. Ba4 Nf6 5. d3 b5 6. Bb3 Bc5 7. O-O O-O 8. c3
d5 9. Bg5 dxe4 10. Bxf6 Qxf6 11. dxe4 Bg4 12. Nbd2 Rad8 13. Qe2 Qg6 14. Kh1
Rd6 15. h3 Qh6 16. Kh2 Rfd8 17. Rad1 Qf4+ 18. g3 Qh6 19. h4 Rxd2 20. Rxd2 Rxd2
21. Qxd2 Bxf3 22. Qd5 Qf6 23. Qxc5 Bxe4 24. Re1 Qf3 25. Rxe4 Qxe4 26. Bd5 Qe2
27. Bxc6 Qxb2 28. Bd5 Qd2 29. Kg2 g6 30. Bb3 Qd3 31. Qxe5 Qd7 32. Qd5 Qxd5+
33. Bxd5 Kg7 34. Bc6 Kf6 35. a3 Ke5 36. Bb7 a5 37. Bc6 b4 38. axb4 axb4 39.
cxb4 f5 40. Kf3 h6 41. Ke3 g5 42. h5 f4+ 43. Kf3 fxg3 44. fxg3 Kd4 45. Kg4 Ke5
46. b5 Kf6 47. Kf3 Ke5 48. Ke3 Kf5 49. Bd7+ Ke5 50. g4 Kd6 51. Bc6 Ke5 52. Ba8
Kd6 53. Ke4 Ke6 54. Bb7 Kf7 55. Kd5 Kf6 56. Bc8 Ke7 57. Kc6 Kd8 58. Bf5 Ke7
59. Kxc7 Kf7 60. b6 Kg7 61. b7 Kf7 62. b8=Q Kg7 63. Kd6 Kf6 64. Qf8# 1-0

[Event "Hampstead U2200 July 2014"]
[Site "Hampstead, UK"]
[Date "2014.07.05"]
[Round "2"]
[White "Carter, John"]
[Black "Mospan, Edward"]
[Result "1-0"]
[WhiteElo "1710"]
[BlackElo "1600"]
[EventType "swiss"]
[EventRounds "5"]

1. d4 d5 2. c4 Nf6 3. cxd5 Nxd5 4. e4 Nb6 5. Nc3 e6 6. Nf3 a6 7. Bd3 Be7 8.
O-O Nc6 9. Be3 Bd7 10. a4 Nb4 11. Be2 a5 12. d5 O-O 13. Bxb6 cxb6 14. d6 Bg5
15. Nxg5 Qxg5 16. f4 Qc5+ 17. Kh1 Rad8 18. Rc1 Qc8 19. Nd5 Qb8 20. Nxb6 Bc6
21. e5 Nd5 22. Nxd5 Bxd5 23. Bf3 Bxf3 24. Qxf3 Rd7 25. f5 exf5 26. Qxf5 Qd8
27. e6 Rxd6 28. exf7+ Kh8 29. Rc8 Qe7 30. Rxf8+ Qxf8 31. Qc5 Rd8 32. Qxa5 Rd6
33. Qa8 Rd8 34. Qxd8 {#r} 1-0

[Event "Hampstead U2200 July 2014"]
[Site "Hampstead, UK"]
[Date "2014.07.05"]
[Round "3"]
[White "Jaunooby, Ali R"]
[Black "Briggs, John"]
[Result "1-0"]
[WhiteElo "2186"]
[BlackElo "1960"]
[EventType "swiss"]
[EventRounds "5"]

1. d4 g6 2. Bf4 Bg7 3. e3 c5 4. c3 b6 5. d5 d6 6. g4 Nf6 7. g5 Nh5 8. Bg3 Nxg3
9. hxg3 Bb7 10. e4 a6 11. a4 e6 12. dxe6 fxe6 13. Qg4 Qe7 14. Nd2 Nd7 15. f4
O-O-O 16. O-O-O d5 17. e5 c4 18. Ngf3 Nc5 19. Nd4 Qd7 20. Rh2 Qxa4 21. Nxe6
Qa1+ 22. Kc2 Qa4+ 23. Kb1 Nxe6 24. Qxe6+ Kb8 25. Be2 Ka7 26. Qe7 Rd7 27. Qa3
Qc6 28. Bg4 Bf8 29. Qa2 Bc5 30. Ne4 dxe4 31. Bxd7 Qc7 32. Qxc4 b5 33. Qa2 e3
34. Bxb5 Rd8 35. Rxd8 Qxd8 36. Kc1 e2 37. Rxe2 Qb6 38. Bd3 Be3+ 39. Kc2 Bf3
40. Qf7+ Kb8 41. Qg8+ Ka7 42. Qxh7+ Kb8 43. Qg8+ Ka7 44. Qg7+ Kb8 45. Rh2 {#r}
1-0

[Event "Hampstead U2200 July 2014"]
[Site "Hampstead, UK"]
[Date "2014.07.05"]
[Round "3"]
[White "Atako, Chino C"]
[Black "Haribalu, V."]
[Result "0-1"]
[WhiteElo "2042"]
[BlackElo "2176"]
[EventType "swiss"]
[EventRounds "5"]

1. e4 c5 2. Nf3 e6 3. Nc3 a6 4. g3 b5 5. Bg2 Bb7 6. d3 d5 7. exd5 exd5 8. d4
c4 9. O-O Bd6 10. Nh4 Ne7 11. Qg4 b4 12. Nxd5 Bxd5 13. Qxg7 Rg8 14. Qxh7 Bxg2
15. Re1 Rxg3 16. hxg3 Bd5 17. Bg5 Kd7 18. Nf5 Nbc6 19. Qh4 Nxf5 20. Qg4 Ncxd4
21. Bxd8 Nf3+ 22. Qxf3 Bxf3 23. Bf6 Rg8 {#R} 0-1

[Event "Hampstead U2200 July 2014"]
[Site "Hampstead, UK"]
[Date "2014.07.05"]
[Round "3"]
[White "Kahn, Tito"]
[Black "Bratholm, Palle"]
[Result "1-0"]
[WhiteElo "1975"]
[BlackElo "2158"]
[EventType "swiss"]
[EventRounds "5"]

1. d4 d5 2. Bf4 c5 3. e3 Nc6 4. c3 Qb6 5. Qc1 Bf5 6. Nf3 h6 7. Nbd2 Nf6 8. h3
e6 9. Be2 Be7 10. O-O O-O 11. Ne5 Rac8 12. Nxc6 Rxc6 13. Nf3 Nd7 14. Rd1 Bf6
15. Qd2 g5 16. Bg3 Bg7 17. Ne5 Nxe5 18. dxe5 Rd8 19. f4 Rcc8 20. Bf3 Be4 21.
Qe2 Bh7 22. Rd2 d4 23. exd4 cxd4 24. Bf2 gxf4 25. Bxd4 Qa5 26. Bxb7 Rb8 27.
Be4 Bxe5 28. Rad1 Bxd4+ 29. Rxd4 Rxd4 30. Rxd4 Qxa2 31. Qg4+ Kh8 32. Qxf4 Bxe4
33. Qxb8+ Kh7 34. Kh2 Bd5 35. Rg4 {#r} 1-0

[Event "Hampstead U2200 July 2014"]
[Site "Hampstead, UK"]
[Date "2014.07.05"]
[Round "3"]
[White "Modica, Jake"]
[Black "Jyothilal, Narayanan"]
[Result "0-1"]
[WhiteElo "1825"]
[BlackElo "2056"]
[EventType "swiss"]
[EventRounds "5"]

1. c4 Nf6 2. g3 g6 3. Bg2 d5 4. cxd5 Nxd5 5. Nc3 Nxc3 6. bxc3 Bg7 7. Nf3 O-O
8. O-O c5 9. Rb1 Nc6 10. Bb2 Bf5 11. d3 Qd7 12. c4 e5 13. Re1 Rad8 14. Nd2 Be6
15. Qa4 Rc8 16. Ne4 b6 17. Nc3 Rfe8 18. Nd5 Nd4 19. Qxd7 Bxd7 20. e3 Nc6 21.
Bc3 Bf5 22. e4 Be6 23. a4 Rb8 24. Rb2 f6 25. Reb1 Kf8 26. Nc7 Re7 27. Nxe6+
Rxe6 28. a5 Ne7 29. Bd2 Rd6 30. Bf1 Ke8 31. Be3 Rc6 32. Be2 Kd8 33. Bd1 Nc8
34. Kf1 Bf8 35. Ke2 Kc7 36. Ba4 Re6 37. f4 Bd6 38. f5 Re7 39. a6 Rg7 40. Bh6
Rg8 41. h4 gxf5 42. Kf3 Ne7 43. Rg2 Rg6 44. Be3 Rbg8 45. Rbg1 Rg4 46. Bc2
fxe4+ 47. dxe4 Nc6 48. Ra1 R8g7 49. Bd3 f5 50. Bb1 f4 51. Bf2 h5 52. Bd3 fxg3
53. Bxg3 Nd4+ 54. Kf2 Rf7+ 55. Kg1 Rf3 {#R} 0-1

[Event "Hampstead U2200 July 2014"]
[Site "Hampstead, UK"]
[Date "2014.07.05"]
[Round "3"]
[White "Brozel, Sacha"]
[Black "Krzyzanowski, Patryk"]
[Result "0-1"]
[WhiteElo "1769"]
[BlackElo "2006"]
[EventType "swiss"]
[EventRounds "5"]

1. d4 Nf6 2. c4 e6 3. g3 Bb4+ 4. Bd2 Qe7 5. Bg2 Nc6 6. a3 Bxd2+ 7. Qxd2 O-O 8.
e4 e5 9. dxe5 Nxe5 10. b3 d5 11. cxd5 Nxe4 12. Qe3 Nxf2 13. Ne2 Nxh1 14. Bxh1
Bf5 {#R} 0-1

[Event "Hampstead U2200 July 2014"]
[Site "Hampstead, UK"]
[Date "2014.07.05"]
[Round "3"]
[White "Barasi, Paul"]
[Black "Jina, Taran"]
[Result "1-0"]
[WhiteElo "1872"]
[BlackElo "1741"]
[EventType "swiss"]
[EventRounds "5"]

1. d4 Nf6 2. Bg5 Ne4 3. h4 d5 4. Nd2 Nxd2 5. Qxd2 Bf5 6. Nf3 h6 7. Bf4 e6 8.
e3 Be7 9. Bd3 Bxd3 10. Qxd3 c6 11. O-O-O Nd7 12. e4 Rc8 13. Kb1 Nf6 14. exd5
cxd5 15. Ne5 Qa5 16. f3 Nh5 17. Bd2 Qb6 18. g4 Nf6 19. g5 Nh5 20. f4 a5 21. f5
exf5 22. Qxf5 O-O 23. Qg4 g6 24. Rh3 a4 25. Nd7 Qc6 26. Rc3 Qe6 27. Qxe6 fxe6
28. Nxf8 Rxc3 29. bxc3 Kxf8 30. Rf1+ Kg8 31. Rf3 Ng7 32. gxh6 Nf5 33. Bg5 Nxh4
34. h7+ Kg7 35. Rf7+ Kxf7 36. Bxh4 Kg7 37. h8=Q+ Kxh8 38. Bxe7 Kg7 39. Bg5 Kf7
40. Kc1 Ke8 41. Kb2 Kd7 42. Ka3 b5 43. Kb4 Kc6 44. Ka5 a3 45. Kb4 Kb6 46. Bf4
Ka6 47. Bc7 Kb7 48. Bd8 Kc6 49. Be7 Kd7 50. Bf6 Kc6 51. Ka5 Kc7 52. Kxb5 Kb7
53. Kb4 Kb6 54. Kxa3 Ka5 55. Kb3 Kb5 56. a4+ Ka5 57. Bd8+ Ka6 58. Kb4 Ka7 59.
Kc5 Kb7 60. Kd6 Kc8 61. Bg5 Kb7 62. a5 Ka6 63. Kxe6 {#r} 1-0

[Event "Hampstead U2200 July 2014"]
[Site "Hampstead, UK"]
[Date "2014.07.05"]
[Round "3"]
[White "Baroukh, Leon"]
[Black "Millward, David J"]
[Result "0-1"]
[WhiteElo "1590"]
[BlackElo "1859"]
[EventType "swiss"]
[EventRounds "5"]

1. d4 Nf6 2. Nc3 d5 3. Bf4 Bf5 4. e3 e6 5. Nf3 c6 6. Ne5 Nbd7 7. Bd3 Bxd3 8.
Nxd3 Be7 9. O-O O-O 10. Bg5 Ne4 11. Bxe7 Qxe7 12. Nxe4 dxe4 13. Nf4 f5 14. c3
g5 15. Nh3 h6 16. f3 exf3 17. Rxf3 Nf6 18. Nf2 g4 19. Rg3 h5 20. h4 Nh7 21. e4
Qxh4 22. Rd3 f4 23. e5 Ng5 24. Qc2 Rf5 25. d5 cxd5 26. Rxd5 g3 27. Nd1 Qh2+
28. Kf1 Qh1+ 29. Ke2 Qxg2+ 30. Kd3 Qxd5+ 31. Ke2 Qg2+ 32. Kd3 Rd8+ 33. Kc4
Qxc2 34. b4 Rxe5 {#R} 0-1

[Event "Hampstead U2200 July 2014"]
[Site "Hampstead, UK"]
[Date "2014.07.05"]
[Round "3"]
[White "Willmoth, Robert"]
[Black "Carter, John"]
[Result "1-0"]
[WhiteElo "2159"]
[BlackElo "1710"]
[EventType "swiss"]
[EventRounds "5"]

1. e4 e5 2. Nc3 Nf6 3. g3 d5 4. exd5 Bc5 5. Bg2 O-O 6. Nge2 c6 7. dxc6 Nxc6 8.
O-O Bg4 9. h3 Bh5 10. d3 Qd7 11. Be3 Nd4 12. Bxd4 exd4 13. Ne4 Nxe4 14. dxe4
Qb5 15. g4 Bg6 16. Rb1 Rad8 17. Nf4 Rfe8 18. Qd3 Qb6 19. h4 Qd6 20. Nxg6 Qxg6
21. Qg3 h5 22. g5 f6 23. Rbe1 fxg5 24. hxg5 Qb6 25. Kh1 g6 26. f4 Qxb2 27. f5
Qc3 28. Qf4 d3 29. f6 Kf8 30. Qc7 Qe5 31. Qg7# 1-0

[Event "Hampstead U2200 July 2014"]
[Site "Hampstead, UK"]
[Date "2014.07.05"]
[Round "3"]
[White "Landau, Jonathan"]
[Black "Woltery, Nicolai"]
[Result "1-0"]
[WhiteElo "1945"]
[BlackElo "1592"]
[EventType "swiss"]
[EventRounds "5"]

1. e4 c5 2. Nc3 Nc6 3. f4 g6 4. Nf3 Bg7 5. Bb5 e6 6. e5 a6 7. Bxc6 bxc6 8. Ne4
Qc7 9. Nd6+ Ke7 10. O-O Nh6 11. Ng5 Nf5 12. Ngxf7 Rf8 13. Nxf5+ exf5 14. Nd6
Ke6 15. d4 cxd4 16. Qxd4 Qa7 17. Be3 Qxd4 18. Bxd4 Rg8 19. Rad1 g5 20. fxg5
Bf8 21. Rxf5 Bxd6 22. Rf6+ Ke7 23. exd6+ Kd8 24. Rdf1 Ke8 25. Re1+ Kd8 26.
Bb6# 1-0

[Event "Hampstead U2200 July 2014"]
[Site "Hampstead, UK"]
[Date "2014.07.05"]
[Round "3"]
[White "Cavendish, Joshua"]
[Black "Stern, Robert"]
[Result "1/2-1/2"]
[WhiteElo "1706"]
[BlackElo "1932"]
[EventType "swiss"]
[EventRounds "5"]

1. e4 c5 2. Nc3 e6 3. Bc4 Nc6 4. f4 Nge7 5. Qh5 Nd4 6. Bb3 Nxb3 7. axb3 d5 8.
Nf3 dxe4 9. Nxe4 Nf5 10. Ne5 g6 11. Qe2 Nd4 {#d} 1/2-1/2